• 首页
  • 本馆介绍
  • 公告通知
  • 最新文献
  • 馆藏检索
  • 电子资源
  • 读者导购
  • 参考咨询
  • 我的图书馆
  • 登录
  • 详细信息显示
  • 放入我的书架
  • 预约/预借图书
  • 作者相关作品
  • 分类相关作品
  • 丛书相关作品
  • 出版社相关作品

书目信息

  • 表格格式
  • 工作单格式
  • 卡片格式
题名:
美国南北战争资料选辑
    
 
作者: 杨生茂 主编
分册:  
出版信息: 上海   上海人民出版社  1978.12
页数: 236页
开本: 19cm
丛书名:
单 册:
中图分类: K712.43
科图分类:
主题词: 北美洲--历史
电子资源:
ISBN:
000 00553nam0 2200193 45
001 0212090961
005 20060801104124.90
010    @dCNY0.74
091    @a11074.385
100    @a20021209d1978 km y0chiy0120 ea
101 0  @achi
200 1  @a美国南北战争资料选辑@AMei Guo Nan Bei Zhan Zheng Zi Liao Xuan Ji@f杨生茂主编@FYang Sheng Mao Zhu Bian
210    @a上海@c上海人民出版社@d1978.12
215    @a236页@d19cm
606 0  @a北美洲@x历史
690    @aK712.43@v3
701  0 @a杨生茂@4主编
801    @aCN@bTSTC@c20060801
905    @dK712.43@e18@f1@b215327
    
    美国南北战争资料选辑/杨生茂主编.-上海:上海人民出版社,1978.12
    236页;19cm
    
    
    ISBN :CNY0.74
    
●
相关链接 在E读中查询图书 在五车中查询图书 在当当中查询图书 在豆瓣中查询图书


正题名:美国南北战争资料选辑     索取号:K712.43/18         预约/预借

序号 登录号 条形码 馆藏地/架位号 状态 备注
1 0060208   001673031   密集书库/ [索取号:K712.43/18] 在馆    
2 0215327   001413394   第二借阅区/ [索取号:K712.43/18] 在馆    
3 0219484   001733459   第二样本阅览室/ [索取号:K712.43/18] 在馆    
4 0434964   204349641   密集书库/ [索取号:K712.43/18] 在馆    
5 0434965   204349650   密集书库/ [索取号:K712.43/18] 在馆    
6 0444077   204440774   密集书库/ [索取号:K712.43/18] 在馆    
唐山师范学院图书馆 欢迎您!
大连网信软件有限公司© 版权所有